| 000 | 03228cam a2200385 i 4500 | ||
|---|---|---|---|
| 001 | 5972 | ||
| 003 | FISKH | ||
| 005 | 20250225094512.0 | ||
| 008 | 160809s2016 nyu 000 0aeng | ||
| 010 | _a 2016031399 | ||
| 020 | _a9780399588174 (hardcover) | ||
| 020 | _a9780399590443 (international) | ||
| 020 | _z9780399588181 (ebook) | ||
| 020 |
_a9781473635302 _c$21.50 |
||
| 040 |
_aDLC _beng _erda _cDLC _dDLC |
||
| 050 | _aPN2287.N557 | ||
| 082 | _a791.4502 | ||
| 100 | 1 |
_aNoah, Trevor, _d1984- _eauthor. |
|
| 245 | 1 | 0 |
_aBorn a crime : _bStories from a South African childhood / _cTrevor Noah. |
| 250 | _aFirst published in paperback in 2017 | ||
| 260 |
_aLondon : _bJohn Murray, _c2016 |
||
| 300 |
_a282 pages : _b20 cm |
||
| 336 |
_atext _btxt _2rdacontent |
||
| 337 |
_aunmediated _bn _2rdamedia |
||
| 338 |
_avolume _bnc _2rdacarrier |
||
| 500 | _aThe million-selling must-read memoir. "Powerful and unique the time". | ||
| 520 | _aWinner of the Thurber Prize for American Humor and an NAACP Image Award Named one of the best books of the year by The New York Time, USA Today, San Francisco Chronicle, NPR, Esquire, Newsday, and Booklist Trevor Noah's unlikely path from apartheid South Africa to the desk of The Daily Show began with a criminal act: his birth. Trevor was born to a white Swiss father and a black Xhosa mother at a time when such a union was punishable by five years in prison. Living proof of his parents indiscretion, Trevor was kept mostly indoors for the earliest years of his life, bound by the extreme and often absurd measures his mother took to hide him from a government that could, at any moment, steal him away. Finally liberated by the end of South Africas tyrannical white rule, Trevor and his mother set forth on a grand adventure, living openly and freely and embracing the opportunities won by a centuries-long struggle. Born a Crime is the story of a mischievous young boy who grows into a restless young man as he struggles to find himself in a world where he was never supposed to exist. It is also the story of that young mans relationship with his fearless, rebellious, and fervently religious mother' his teammate, a woman determined to save her son from the cycle of poverty, violence, and abuse that would ultimately threaten her own life. The stories collected here are by turns hilarious, dramatic, and deeply affecting. Whether subsisting on caterpillars for dinner during hard times, being thrown from a moving car during an attempted kidnapping, or just trying to survive the life-and-death pitfalls of dating in high school, Trevor illuminates his curious world with an incisive wit and unflinching honesty. His stories weave together to form a moving and searingly funny portrait of a boy making his way through a damaged world in a dangerous time, armed only with a keen sense of humor and a mothers unconventional, unconditional love. | ||
| 600 | 1 | 0 |
_aNoah, Trevor, _d1984- |
| 650 | 0 |
_aComedians _zUnited States _vBiography. |
|
| 650 | 0 |
_aComedians _zSouth Africa _vBiography. |
|
| 650 | 0 |
_aTelevision personalities _zUnited States _vBiography. |
|
| 906 |
_a7 _bcbc _corignew _d1 _eecip _f20 _gy-gencatlg |
||
| 942 |
_2ddc _cBK _n0 |
||
| 999 |
_c5972 _d5972 |
||